Rozhodujúce postavenie má priemysel

Stručná charakteristika Nitrianskeho samosprávneho vyššieho územného celku. Prírodné podmienky. Administratívny vývoj. Hospodárstvo. Rozvojové príležitosti.

Gespeichert in:
Bibliographische Detailangaben
1. Verfasser: Rajčák, Milan
Format: Buchkapitel
Sprache:Slowakisch
Schlagworte:
Tags: Tag hinzufügen
Keine Tags, Fügen Sie das erste Tag hinzu!

MARC

LEADER 00000naa a2200000 4500
001 r041872
005 20230927092625.1
041 0 |a slo 
044 |a SK 
245 1 0 |a Rozhodujúce postavenie má priemysel  |c Milan Rajčák 
520 |a Stručná charakteristika Nitrianskeho samosprávneho vyššieho územného celku. Prírodné podmienky. Administratívny vývoj. Hospodárstvo. Rozvojové príležitosti. 
610 2 0 |a členenie územné administratívne 
610 2 0 |a vyššie územné celky 
610 2 0 |a správa verejná 
610 2 0 |a samospráva regionálna 
610 2 0 |a vývoj hospodársky 
610 2 0 |a obyvateľstvo 
610 2 0 |a podmienky prírodné 
610 2 0 |a Slovensko 
100 1 |a Rajčák, Milan